<?xml version="1.0" encoding="UTF-8"?>
<marc:record xmlns:marc="http://www.loc.gov/MARC21/slim">
   <marc:leader>00000nam a2200000 a 4500</marc:leader>
   <marc:datafield ind1="1" ind2=" " tag="100">
      <marc:subfield code="a">Dolsperg, Cordula von</marc:subfield>
      <marc:subfield code="4">aut</marc:subfield>
      <marc:subfield code="e">Verfasser/-in</marc:subfield>
   </marc:datafield>
   <marc:datafield ind1="0" ind2="0" tag="245">
      <marc:subfield code="a">Ohne Strom und fließend Wasser</marc:subfield>
   </marc:datafield>
   <marc:datafield ind1="0" ind2="0" tag="245">
      <marc:subfield code="b">Unsere ersten Jahre in Schweden</marc:subfield>
   </marc:datafield>
   <marc:datafield ind1="0" ind2="0" tag="245">
      <marc:subfield code="c">Cordula von Dolsperg</marc:subfield>
   </marc:datafield>
   <marc:datafield ind1=" " ind2="1" tag="264">
      <marc:subfield code="a">Norderstedt</marc:subfield>
      <marc:subfield code="b">Books on Demand</marc:subfield>
      <marc:subfield code="c">2014</marc:subfield>
   </marc:datafield>
   <marc:datafield ind1=" " ind2=" " tag="250">
      <marc:subfield code="a">3</marc:subfield>
   </marc:datafield>
   <marc:datafield ind1="1" ind2=" " tag="520">
      <marc:subfield code="a">Cordula und Michael verlassen Deutschland. Sie fühlen sich eingeengt und perspektivlos. In den schwedischen Wäldern haben sie sich eine Holzhütte ohne Strom gekauft, die sie gegen die Bequemlichkeiten ihrer alten Heimat eingetauscht haben. Ihr Ziel: Selbstversorger in Schweden. Doch ist nicht alles so einfach, wie es klingt. Dieses amüsant und leicht zu lesende Buch legt man nicht so schnell zur Seite. Für alle, die jemals vom Auswandern geträumt haben oder für Freunde Schwedens, ist diese Geschichte vielleicht nicht nur spannende Freizeit- oder Urlaubslektüre, sondern auch ein Buch, das Mut macht. Nämlich Probleme anzupacken, wo sie auftauchen, die schönen Momente zu genießen und seine Träume zu leben.</marc:subfield>
   </marc:datafield>
   <marc:datafield ind1=" " ind2=" " tag="020">
      <marc:subfield code="a">9783839103142</marc:subfield>
      <marc:subfield code="9">9783839103142</marc:subfield>
   </marc:datafield>
   <marc:datafield ind1=" " ind2=" " tag="020">
      <marc:subfield code="a">3839103142</marc:subfield>
      <marc:subfield code="9">3839103142</marc:subfield>
   </marc:datafield>
   <marc:datafield ind1=" " ind2=" " tag="300">
      <marc:subfield code="a">146 S.</marc:subfield>
   </marc:datafield>
</marc:record>
